Catalog

Record Details

Catalog Search



Available copies

  • 2 of 2 copies available at LARL/NWRL Consortium. (Show)
  • 2 of 2 copies available at Lake Agassiz Regional Library.

Current holds

0 current holds with 2 total copies.

Show Only Available Copies
Location Call Number / Copy Notes Barcode Shelving Location Status Due Date
Ada Public Library M SEA (Text) 33500014234678 New Available -
McIntosh Public Library M SEA (Text) 33500014234686 New Available -

Record details

  • ISBN: 9780593450017
  • ISBN: 0593450019
  • Physical Description: 304 pages ; 22 cm.
  • Edition: First edition.
  • Publisher: New York, NY : Random House, [2025]

Content descriptions

Summary, etc.:
"After achieving her lifelong dream of solving a ... Read More
Subject: Aristocracy (Social class) > Fiction.
Murder > Investigation > Fiction.
Great Britain > History > Regency, 1811-1820 > Fiction.
Single women > Fiction.
Private investigators > Fiction.
Sex role > Fiction.
Women private investigators > Fiction.
Single women > Fiction.
Private investigators > Fiction.
Homicide > Fiction.
London (England) > Social life and customs > Fiction.
Genre: Mystery fiction.
Detective and mystery fiction.
Historical fiction.
Cozy mysteries.
Novels.
LDR 04346cam a2200625 i 4500
001454029
003LARL_NWRL_CONSORTIUM
00520250731175325.0
008250214s2025 nyu e 000 1 eng
010 . ‡a 2025006974
040 . ‡aDLC ‡beng ‡erda ‡cDLC ‡dOCLCO ‡dIG# ‡dBRL ‡dOCLCO ‡dJAS ‡dRNL ‡dOCLCO ‡dYU6 ‡dZGR ‡dMWD ‡dJBL ‡dIMT ‡dKCP ‡dJTA ‡dYDX
020 . ‡a9780593450017 ‡qhardcover ; ‡qacid-free paper
020 . ‡a0593450019 ‡qhardcover ; ‡qacid-free paper
035 . ‡a(OCoLC)1500921149
042 . ‡apcc
043 . ‡ae-uk---
08200. ‡a813/.6 ‡223/eng/20250214
1001 . ‡aSeales, Julia, ‡eauthor.
24512. ‡aA terribly nasty business / ‡cJulia Seales.
250 . ‡aFirst edition.
264 1. ‡aNew York, NY : ‡bRandom House, ‡c[2025]
300 . ‡a304 pages ; ‡c22 cm.
336 . ‡atext ‡btxt ‡2rdacontent ‡0http://id.loc.gov/vocabulary/contentTypes/txt
337 . ‡aunmediated ‡bn ‡2rdamedia ‡0http://id.loc.gov/vocabulary/mediaTypes/n
338 . ‡avolume ‡bnc ‡2rdacarrier ‡0http://id.loc.gov/vocabulary/carriers/nc
4900 . ‡aBeatrice Steele ; ‡v2
520 . ‡a"After achieving her lifelong dream of solving a murder, bringing a killer to justice, and proving she is not, in fact, a morbid creep, Beatrice Steele feels like everything is finally falling into place. She's traded her etiquette-obsessed community of Swampshire for the big city of London, accompanied by her ever-trusty chaperone, Miss Bolton. They've settled in a lovely neighborhood, Sweetbriar, known for its proximity to the Sweet Majestic theater, picturesque pleasure gardens, and an unfortunate infestation of flying squirrels. But Beatrice's favorite part is that Sweetbriar is also home to D.S. Investigations, the new office she opened with the prickly, annoyingly logical Inspector Drake to solve the city's brutally thrilling crimes. However, nothing is turning out how Beatrice imagined it would. Sir Huxley, famed gentleman inspector and Beatrice's former crush, is still considered the real investigator in London, so the only cases left for Beatrice and Drake are lost pets and spectacles. Not that Beatrice has much time for crime-solving, anyways, as her mother still expects her to find an eligible (rich) husband to protect their family from destitution. Beatrice is struggling to balance all the demands on her and begins to wonder if she can become a true detective in a city that feels full of false promises. That is until a string of murders thrusts Beatrice and Drake into the center of a scandal that pits the neighborhood's wealthiest against the arts community, spreading fear and chaos throughout the city. As they follow the trail through bewildering ballrooms, secretive shops, and odd operas, Beatrice must survive threats to her partnership, her business, and her place in society to break the case--before it's too late"-- ‡cProvided by publisher.
650 0. ‡aAristocracy (Social class) ‡vFiction. ‡0(LARL_NWRL_CONSORTIUM)163245
650 0. ‡aMurder ‡xInvestigation ‡vFiction. ‡0(LARL_NWRL_CONSORTIUM)166203
651 0. ‡aGreat Britain ‡xHistory ‡yRegency, 1811-1820 ‡vFiction.
650 0. ‡aSingle women ‡vFiction. ‡0(LARL_NWRL_CONSORTIUM)167300
650 0. ‡aPrivate investigators ‡vFiction. ‡0(LARL_NWRL_CONSORTIUM)166580
650 0. ‡aSex role ‡vFiction. ‡0(LARL_NWRL_CONSORTIUM)167331
650 7. ‡aWomen private investigators ‡vFiction. ‡2sears ‡0(LARL_NWRL_CONSORTIUM)168047
650 7. ‡aSingle women ‡vFiction. ‡2sears ‡0(LARL_NWRL_CONSORTIUM)167300
650 7. ‡aPrivate investigators ‡vFiction. ‡2sears ‡0(LARL_NWRL_CONSORTIUM)166580
650 7. ‡aHomicide ‡vFiction. ‡2sears
651 7. ‡aLondon (England) ‡xSocial life and customs ‡vFiction. ‡2sears
655 0. ‡aMystery fiction.
655 7. ‡aDetective and mystery fiction. ‡2lcgft
655 7. ‡aHistorical fiction. ‡2lcgft
655 7. ‡aCozy mysteries. ‡2lcgft
655 7. ‡aNovels. ‡2lcgft
77608. ‡iOnline version: ‡aSeales, Julia. ‡tTerribly nasty business. ‡bFirst edition ‡dNew York, NY : Random House, 2025 ‡z9780593450024 ‡w(DLC) 2025006975
901 . ‡a454029 ‡bOCoLC ‡c454029 ‡tbiblio ‡soclc

Additional Resources